Rozhodovací proces a jeho význam v manažmente

Objasnenie podstaty rozhodovacieho procesu , jeho význam v manažmente. Charakteristika rozhodovania ako procesu, vhodnosť jednotlivých metód rozhodovania vo vzťahu ku konkrétnym podmienkam rozhodovania, identifikovanie charakteristických znakov rozhodovacieho procesu a porovnanie úrovne rozhodovania...

Descrizione completa

Salvato in:
Dettagli Bibliografici
Autore principale: Fulková, Emília
Altri autori: Tamášová, Viola
Natura: Capitolo di libro
Lingua:slovacco
Soggetti:
Tags: Aggiungi Tag
Nessun Tag, puoi essere il primo ad aggiungerne!!

MARC

LEADER 00000naa$a2200000$$$4500
001 0092772
005 20231010125114.1
041 0 |a slo 
044 |a SK 
245 1 0 |a Rozhodovací proces a jeho význam v manažmente  |c Emília Fulková, Viola Tamášová 
520 |a Objasnenie podstaty rozhodovacieho procesu , jeho význam v manažmente. Charakteristika rozhodovania ako procesu, vhodnosť jednotlivých metód rozhodovania vo vzťahu ku konkrétnym podmienkam rozhodovania, identifikovanie charakteristických znakov rozhodovacieho procesu a porovnanie úrovne rozhodovania vo vzťahu k jednotlivým druhom rozhodovania. 
610 2 0 |a riadenie 
610 2 0 |a školy 
610 2 0 |a rozhodovanie 
610 2 0 |a manažment 
100 1 |a Fulková, Emília 
700 1 |a Tamášová, Viola